Statistics for Glavni gradovi svijeta

Click here to take the quiz!

General Stats

  • This quiz has been taken 117 times
  • The average score is 72 of 196

Answer Stats

HintAnswer% Correct
AlbanijaTirana
97%
Bosna i HercegovinaSarajevo
73%
BjelorusijaMinsk
71%
NjemačkaBerlin
69%
HrvatskaZagreb
69%
FinskaHelsinki
68%
ŠpanijaMadrid
66%
FrancuskaPariz
66%
SrbijaBeograd
64%
Ujedinjeno KraljevstvoLondon
64%
KosovoPriština
64%
San MarinoSan Marino
64%
AustrijaBeč
63%
SlovačkaBratislava
63%
MonakoMonako
63%
Crna GoraPodgorica
63%
ItalijaRim
63%
BugarskaSofija
63%
HolandijaAmsterdam
61%
ŠvajcarskaBern
61%
DanskaKopenhagen
61%
SlovenijaLjubljana
61%
VatikanVatikan
61%
LuksemburgLuksemburg
59%
RusijaMoskva
59%
NorveškaOslo
59%
ČeškaPrag
59%
LetonijaRiga
59%
GrčkaAtina
58%
BelgijaBrisel
58%
UkrajinaKijev
58%
PortugalijaLisabon
58%
EstonijaTalin
58%
PoljskaVaršava
58%
MađarskaBudimpešta
56%
IrskaDablin
56%
Sjeverna MakedonijaSkoplje
56%
RumunijaBukurešt
54%
ŠvedskaStokholm
54%
LihtenštajnVaduc
54%
IslandRejkjavik
53%
MaltaValeta
51%
TurskaAnkara
49%
AzerbejdžanBaku
49%
BangladešDaka
49%
AvganistanKabul
47%
KinaPeking
47%
JapanTokio
46%
AlžirAlžir
44%
FilipiniManila
44%
KiparNikozija
44%
JermenijaJerevan
42%
MoldavijaKišinjev
42%
KuvajtKuvajt
42%
BahreinManama
42%
GruzijaTbilisi
42%
TunisTunis
42%
KazahstanAstana
41%
IrakBagdad
41%
TajlandBangkok
41%
KatarDoha
41%
KubaHavana
41%
EgipatKairo
41%
UrugvajMontevideo
41%
SingapurSingapur
41%
IranTeheran
41%
KolumbijaBogota
39%
BrazilBrazilija
39%
IndonezijaDžakarta
39%
KanadaOtava
39%
Sjedinjene Američke državeVašington
39%
LitvanijaVilnus
39%
JordanAman
37%
LibanBejrut
37%
SirijaDamask
37%
Istočni TimorDili
37%
PakistanIslamabad
37%
MalezijaKuala Lumpur
37%
MeksikoMeksiko
37%
KambodžaPnom Pen
37%
JemenSana
37%
Južna KorejaSeul
37%
Ujedinjeni Arapski EmiratiAbu Dabi
36%
AndoraAndora la Velja
36%
MadagaskarAntananarivo
36%
SenegalDakar
36%
DžibutiDžibuti
36%
IzraelJerusalim
36%
PeruLima
36%
MaldiviMale
36%
IndijaNju Delhi
36%
Sjeverna KorejaPjongjang
36%
MarokoRabat
36%
Saudijska ArabijaRijad
36%
MongolijaUlan Bator
36%
GanaAkra
34%
KirgistanBiškek
34%
TadžikistanDušanbe
34%
VijetnamHanoj
34%
AustralijaKanbera
34%
RuandaKigali
34%
JamajkaKingston
34%
Demokratska Republika KongoKinšasa
34%
KomoriMoroni
34%
El SalvadorSan Salvador
34%
Dominikanska RepublikaSanto Domingo
34%
Sao Tome i PrinsipeSao Tome
34%
LibijaTripoli
34%
EritrejaAsmara
32%
Gvineja BisauBisau
32%
ArgentinaBuenos Ajres
32%
TanzanijaDodoma
32%
ZimbabveHarare
32%
VenecuelaKarakas
32%
SudanKartum
32%
NepalKatmandu
32%
GabonLibrevil
32%
AngolaLuanda
32%
SomalijaMogadišu
32%
Južnoafrička RepublikaPretorija/Kejptaun/Blumfontejn
32%
EtiopijaAdis Abeba
31%
BrunejBandar Seri Begavan
31%
KongoBrazavil
31%
GvatemalaGvatemala
31%
UgandaKampala
31%
EcuadorKito
31%
ZambijaLusaka
31%
LesotoMaseru
31%
KenijaNajrobi
31%
TajvanTajpej
31%
Novi ZelandVelington
31%
ParagvajAsunsion
29%
MaliBamako
29%
MozambikMaputo
29%
EsvatiniMbabane
29%
PanamaPanama
29%
Zelenortska OstrvaPraja
29%
UzbekistanTaškent
29%
ButanTimbu
29%
NigerijaAbudža
27%
GambijaBandžul
27%
KamerunJaunde
27%
MalaviLilongve
27%
TogoLome
27%
ČadNdžamena
27%
SurinamParamaribo
27%
KostarikaSan Hose
27%
ČileSantjago
27%
BelizeBelmopan
25%
GvajanaDžordžtaun
25%
Južni SudanDžuba
25%
BurundiGitega
25%
Obala SlonovačeJamusukro
25%
Ekvatorijalna GvinejaMalabo
25%
OmanMaskat
25%
LiberijaMonrovija
25%
BahamiNasau
25%
BeninPorto Novo
25%
BolivijaSukre
25%
Sijera LeoneFritaun
24%
Sveti Vinsent i GrenadiniKingstaun
24%
NigerNijamej
24%
MauricijusPort Luj
24%
LaosVijentian
24%
SejšeliViktorija
24%
Centralna Afrička RepublikaBangi
22%
Trinidad i TobagoPort of Spejn
22%
FidžiSuva
22%
Burkina FasoUagadugu
22%
NamibijaVindhuk
22%
TurkmenistanAšhabat
20%
BarbadosBridžtaun
20%
NikaragvaManagva
20%
Antigva i BarbudaSent Džons
20%
Šri LankaŠri Džajavardenepura Kote
20%
HondurasTegusigalpa
20%
GvinejaKonakri
19%
MauritanijaNuakšot
19%
DominikaRozo
19%
KiribatiJužna Tarava
17%
MijanmarNepjido
15%
SamoaApia
14%
Sveti Kits i NevisBaster
14%
BocvanaGaberone
14%
Sveta LucijaKastriz
14%
Maršalska OstrvaMadžuro
12%
HaitiPorto Prens
12%
GrenadaSent Džordžes
12%
TuvaluFunafuti
10%
NauruJaren
10%
VanuatuPort Vila
10%
PalauNgerulmud/Melekeok
8%
TongaNukualofa
8%
Papua Nova GvinejaPort Morzbi
8%
Solomonova OstrvaHoniara
7%
MikronezijaPalikir
7%

Score Distribution

Percentile by Number Answered

Percent of People with Each Score

Your Score History

You have not taken this quiz